| 000 | 00817nam a2200265 4500 | ||
|---|---|---|---|
| 001 | 44666 | ||
| 010 | _a9789897731587 | ||
| 010 | _a9789897731778 | ||
| 021 |
_aPT _b454901/19 |
||
| 090 | _a44666 | ||
| 100 | _a20190701d2019 m y0pory50030103ba | ||
| 102 | _aPT | ||
| 200 | 1 |
_aTempestade de guerra _fVictoria Aveyard _gtrad. Teresa Martins Carvalho |
|
| 205 | _a1<U+00AA> ed | ||
| 210 | 9 |
_aPorto Salvo _cSaída de Emergência, _d2019 |
|
| 215 |
_a v. _cil. _d23 cm |
||
| 225 | 2 |
_aBang! _v314, 323 |
|
| 300 | _a1ª. parte | ||
| 304 | _aTit. orig.: War Storm | ||
| 675 |
_a821.111(73)-3 _vBN _zpor |
||
| 700 | 1 |
_aAveyard, _bVictoria, _f1990- |
|
| 702 | 1 |
_aCarvalho, _bTeresa Martins de |
|
| 801 | 0 |
_aPT _bBN _gRPC |
|
| 856 | 4 | 1 | _uhttp://rnod.bnportugal.gov.pt/ImagesBN/winlibimg.aspx?skey=&doc=2025088&img=126848&save=true |
| 990 | _cLIVROS | ||